000 00827nam a2200265 i 4500
001 53383
003 ES-MaACL
005 20230906162745.0
007 t|
008 031022s2002 sp ||||0| spa j
020 _a84-7738-977-2
040 _aM-BN
_bspa
_cM-BN
080 _a111.1"19"
245 0 0 _aMétodos del pensamiento ontológico /
_cRamón Rodríguez (editor) ; Mariano Alvarez Gómez ... [et al.].
260 _aMadrid :
_bSíntesis,
_c2002.
300 _a319 p ;
_c22 cm.
490 1 _aFilosofía. Thémata ;
_v22
504 _aBibliografía: p. 309-319.
650 _aOntología.
_915705
700 1 _aRodríguez García, Ramón.
_998543
700 1 _aAlvarez Gómez, Mariano.
_920826
830 0 _aFilosofía. Thémata ;
_v22
_9180588
852 _aES-MaACL
_jL-26567
_bR.131985
999 _c53383
_d53383